000 00563nam a22001937a 4500
005 20250623115718.0
010 _aENG145523
020 _a9789380658490
_c395.00
035 _aEN-129055
037 _bDBAD
082 _a643.3
_21
_b1
100 _aHajratwala, Bhanu
_982226
245 _aGujarati Kitchen:
_bFamily Recipes for the Global Palate/
_cBhanu Hajratwala
250 _a1
260 _bWestland
_c2011
_aChennai
270 _aVenkat Towers, 165, P. H. Maduravoyal
300 _a161p.
_c23cm(hb)
942 _2ddc
_cEN
_h643.3
_mHAJ
_e1
999 _c211897
_d211897